| 000 | 00375nam a2200145Ia 4500 | ||
|---|---|---|---|
| 008 | 230312s9999||||xx |||||||||||||| ||und|| | ||
| 020 | _a978-1407547589 | ||
| 082 |
_a641.5945 _bPIL-I |
||
| 100 | _aPils;Ingeborg | ||
| 245 | 0 | _aItaly: Country and its Cuisine | |
| 260 |
_bParragon Books _aChina _c2009 |
||
| 300 | _a511 | ||
| 650 |
_aFood science _vFood Industry |
||
| 942 | _cBK | ||
| 999 |
_c14317 _d14317 |
||